000 00831nam a2200217 i 4500
001 73107
003 ES-MaACL
005 20240312062534.0
007 t|
008 040906s1928 sp |||| | spa d
100 1 _aGómez Cano, Miguel.
_957856
245 1 3 _aEl arte, sus luchadores y el derecho de propiedad /
_cMiguel Gómez Cano.
260 _aMadrid :
_b[s.n.,
_c1928] (
_fAsilo de Huérfanos)
300 _a16 p. ;
_c24 cm.
594 _aCon este mismo tít. el autor pronunció una conferencia en el Ateneo de Madrid, el 11 de diciembre de 1928 (Fuente: Ateneo, Dictadura, República / Antonio Ruiz Salvador, 1976)
610 2 4 _aAteneo de Madrid-
_vConferencias-
_y1900-1939
_91907
650 0 4 _aPropiedad-
_zEspaña.
_916477
852 _aES-MaACL
_j1748-F-25
852 _aES-MaACL
_j1726-F-29
999 _c73107
_d73107